| 000 | 00691 a2200253 4500 | ||
|---|---|---|---|
| 001 | 76057 | ||
| 999 |
_c76057 _d24023 |
||
| 003 | TR-AnTOB | ||
| 005 | 20231208001015.0 | ||
| 008 | 090810s1959 tu 00000 tur | ||
| 041 | _atur | ||
| 050 |
_aKKX920 _b.S46 1959 |
||
| 090 | _aKKX920 .S46 1959 | ||
| 100 |
_aSemiz, Ahmet _958340 |
||
| 245 | 0 |
_aTürk ticaret kanununa göre ticari iş-ticari dava / _cAhmet Semiz. |
|
| 246 | 3 | _aTicari iş-ticari dava. | |
| 264 | 1 |
_aİstanbul, _b, _c1959. |
|
| 300 |
_a63 s. ; _c25 cm. |
||
| 650 | 7 |
_aTicaret hukuku _zTürkiye _2etuturkob _934380 |
|
| 650 | 0 |
_aCommercial law _zTurkey _934379 |
|
| 902 | _a0031148(004618) | ||
| 903 | _aMerkez Kütüphane. | ||
| 945 | _aZÖ,CS | ||
| 942 | _cBK | ||